Manual de Composición Literaria

Tallennettuna:
Bibliografiset tiedot
Päätekijä: Barros Arana, Diego Jacinto Agustín (Tekijä)
Aineistotyyppi: Kirja
Kieli:espanja
Julkaistu: Santiago Imprenta Cervantes 1910
Painos:2a. ed
Sarja:Obras Completas de Barros Arana, V
Aiheet:
Tagit: Lisää tagi
Ei tageja, Lisää ensimmäinen tagi!

MARC

LEADER 00000nam a2200000 a 4500
001 UCJ7901
003 CL-VaPUC
008 070124e19100000CL |||||||||||||||||spa|d
082 0 4 |a 983  |b BAR  |2 21 
100 0 |a Barros Arana, Diego Jacinto Agustín  |e author  |9 516403 
245 1 0 |a Manual de Composición Literaria 
250 |a 2a. ed 
300 |a 531 p 
942 |c BK 
945 |d 20070124 00:00:00  |a rinostro 
260 |a Santiago  |b Imprenta Cervantes  |c 1910 
650 0 |a Literatura  |9 259151 
650 7 |a PRECEPTIVA LITERARIA  |2 CL-VaPUC  |9 311846 
583 |a last modification  |c 20190729 02:16:16  |k Rodrigo Vera 
490 0 |a Obras Completas de Barros Arana, V 
999 |c 323765  |d 323763 
952 |0 0  |1 0  |4 0  |6 983_000000000000000_BAR_1910  |7 0  |8 X  |9 403560  |a FDOBUD  |b FDOBUD  |d 2019-11-22  |i 101952K  |o 983 BAR 1910  |p 101952K  |r 2019-11-22  |w 2019-11-22  |y BK_X  |k BUD